000
00331nam a22001457a 4500
003
OSt
005
20211229145806.0
008
211229b |||||||| |||| 00| 0 eng d
020
_a
0333904060
040
_c
HU
082
_2
2nd
_a
005.453
100
_a
Mhamdhere DM
_9
26116
245
_a
Compler Construction
942
_2
ddc
_c
BOOKS
_n
0
999
_c
25040
_d
25040